| 000 | 003690000a22001570004500 | ||
|---|---|---|---|
| 001 | 002374 | ||
| 003 | MACL | ||
| 040 | _aMACL | ||
| 090 |
_c14367 _d14366 |
||
| 100 | _aJhaveri, Himmat | ||
| 245 |
_aAspects Of Gandhian Thought _cHimmat Jhaveri |
||
| 260 |
_aMani Bhavan Gandhi Sangrahalaya, _c2003 |
||
| 350 | _a200 | ||
| 650 | _aGeneral Collection | ||
| 942 |
_k80 _cBook |
||
| 999 |
_c14286 _d14286 |
||